Native American Languages - Sudden Death - Statistics

General Stats
  • This quiz has been taken 115 times
    114 since last reset
  • The average score is 12 of 22
Answers on the Grid
Answers color-coded by a green-red scale on the quiz's grid according to % correct below.
Quechua
Navajo
Blackfoot
Lakota
Miwok
Ojibwe
Cherokee
Nahuatl
Toba Qom
Kʼicheʼ
Aymara
Guaraní
Páez
Tzotzil
Wayuu
Mapuche
Inuktitut
Mohawk
Innu
Western Apache
Shipibo
Ticuna
Māori
Hokkien
English
Irish
Punjabi
Turkish
Amharic
Swedish
Spanish
Pukapukan
Mele-Fila
Tetela
Marathi
 
Answer Stats
Answer % Correct
Native to the southeastern United States Cherokee
84%
Native to Arizona and New Mexico, United States Navajo
81%
Native to the Andes Mountains, Peru and Bolivia Quechua
76%
Native to southern Ontario, Canada Mohawk
74%
Native to Nunavut and Northwest Territories, Canada Inuktitut
71%
Native to eastern Arizona, United States Western Apache
71%
Native to the Great Plains, United States Lakota
70%
Native to central Mexico Nahuatl
67%
Native to southern Chile and southwestern Argentina Mapuche
64%
Native to southern Canada Ojibwe
64%
Native to northern US and southern Canada Blackfoot
61%
Native to central Paraguay Guaraní
60%
Native to Guatemala Kʼicheʼ
56%
Native to the Altiplano, Bolivia and Peru Aymara
54%
Native to California, United States Miwok
49%
Native to southern Mexico Tzotzil
49%
Native to Quebec and Labrador, Canada Innu
34%
Native to western Venezuela and eastern Colombia Wayuu
33%
Native to Amazonas, Brazil Ticuna
31%
Native to southern Colombia Páez
24%
Native to Loreto, Peru Shipibo
21%
Native to northern Argentina and southern Paraguay Toba Qom
16%
No matching quizzes found
Score Distribution
Percent of People with Each Score
Percentile by Number Answered
Your Score History
You have not taken this quiz since the last reset